[Event "Gyongyos op "]
[Site "Gyongyos"]
[Date "1995.??.??"]
[Round "?"]
[White "Juhasz, Bela"]
[Black "Neverov, Anatoly"]
[Result "1/2-1/2"]
[WhiteElo "2240"]
[BlackElo "2440"]

1.d4 Nf6 2.c4 e6 3.Nf3 Bb4+ 4.Bd2 a5 5.g3 d6 6.Bg2 Nbd7 7.O-O e5 8.Bxb4 axb4
9.Qb3 c5 10.dxc5 dxc5 11.Rd1 Qe7 12.Nbd2 O-O 13.a3 bxa3 14.Rxa3 Rxa3 15.Qxa3 Nb8
16.Nb1 Nc6 17.Nc3 e4 18.Ng5 Bf5 19.b3 h6 20.Nh3 g5 21.Kh1 e3 22.Qb2 Nd4 23.fxe3 Qxe3
24.Rf1 Re8 25.Ng1 Re6 26.Nd1 Qe5 27.e3 Nc6 28.Qxe5 Rxe5 29.Nf3 Bd3 30.Nxe5 Bxf1
31.Nxc6 Bxg2+ 32.Kxg2 bxc6 33.Kf3 Kf8 34.e4  1/2-1/2

[Event "Wch U20"]
[Site "Halle"]
[Date "1995.??.??"]
[Round "3"]
[White "Vescovi, Giovanni"]
[Black "Maherramzade, Javad"]
[Result "1/2-1/2"]
[WhiteElo "2465"]
[BlackElo "2295"]

1.d4 Nf6 2.Nf3 e6 3.c4 Bb4+ 4.Bd2 Qe7 5.g3 Nc6 6.Bg2 Bxd2+ 7.Nbxd2 d6 8.O-O O-O
9.e4 e5 10.d5 Nb8 11.Ne1 a5 12.b3 Na6 13.a3 Bd7 14.Nd3 c6 15.Re1 cxd5 16.exd5 Bf5
17.Nf1 Qd7 18.Ne3 Bxd3 19.Qxd3 Nc5 20.Qc3 Rfc8 21.b4 Na6 22.Rab1 axb4 23.axb4 b5
24.Qd3 bxc4 25.Nxc4 Rcb8 26.Qd2 Nc7 27.Rec1 h6 28.Ne3 Nb5 29.Nc4 Nd4 30.f4 Qa7
31.Kh1 exf4 32.gxf4 Nf5 33.b5 Ng4 34.b6 Qe7 35.Qe1 Qf6 36.h3 Re8 37.Qc3 Qh4
38.Rb3 Ra2 39.Qf3 Re1+ 40.Rxe1 Qxe1+ 41.Qf1 Ng3+ 42.Rxg3 Qxg3 43.hxg4 Rf2
44.b7 Rxf1+ 45.Bxf1 Qh4+ 46.Kg1 Qxg4+ 47.Kh1 Qh4+ 48.Kg1 Qg3+ 49.Kh1 Qf3+
50.Kg1  1/2-1/2

[Event "Wch U20"]
[Site "Halle"]
[Date "1995.??.??"]
[Round "7"]
[White "Pedro, Aderito"]
[Black "Taleb, Moussa"]
[Result "1-0"]
[WhiteElo "2195"]
[BlackElo "2245"]

1.d4 Nf6 2.c4 e6 3.Nf3 Bb4+ 4.Bd2 Qe7 5.a3 Bxd2+ 6.Qxd2 b6 7.Nc3 Bb7 8.Qc2 c5
9.e4 cxd4 10.Nxd4 Nc6 11.Nxc6 dxc6 12.O-O-O e5 13.Be2 O-O 14.Rd2 Rfc8 15.g4 Nd7
16.Nd1 a5 17.Ne3 g6 18.h4 Nc5 19.g5 a4 20.Kb1 Nb3 21.Rd3 Nd4 22.Qd2 Nb3 23.Qc3 Nc5
24.Qb4 Qc7 25.Ng4 Nxd3 26.Bxd3 Rd8 27.Qc3 Qd6 28.Bc2 h5 29.gxh6 Re8 30.f4 f6
31.c5 bxc5 32.fxe5 fxe5 33.h5 Bc8 34.Rd1 Qe7 35.Rg1 Bxg4 36.Rxg4 g5 37.Bxa4 Kh7
38.Bxc6 Qe6 39.Bxe8 Qxg4 40.Qxe5 Qd1+ 41.Ka2 Qd4 42.Qe7+ Kxh6 43.Qe6+ Kh7
44.Qf5+ Kg7 45.Qf7+  1-0

[Event "Wch U20"]
[Site "Halle"]
[Date "1995.??.??"]
[Round "13"]
[White "Lehmann, Zoltan"]
[Black "Wallace, John Paul"]
[Result "1/2-1/2"]
[WhiteElo "2335"]
[BlackElo "2405"]

1.d4 Nf6 2.c4 e6 3.Nf3 Bb4+ 4.Bd2 Qe7 5.g3 Nc6 6.Bg2 Bxd2+ 7.Nbxd2 d6 8.O-O O-O
9.e4 a5 10.Qe2 e5 11.d5 Nb8 12.Ne1 c6 13.Nd3 Bd7 14.Rfc1 Na6 15.b3 Rfc8 16.a3 cxd5
17.exd5 Bf5 18.Ne4 Bxe4 19.Bxe4 Nxe4 20.Qxe4 Nc5 21.Nxc5 Rxc5  1/2-1/2

[Event "Wichern op"]
[Site "Hamburg"]
[Date "1995.??.??"]
[Round "3"]
[White "Szymczak, Zbigniew"]
[Black "Wahls, Matthias"]
[Result "0-1"]
[WhiteElo "2345"]
[BlackElo "2550"]

1.d4 Nf6 2.c4 e6 3.Nf3 Bb4+ 4.Bd2 Qe7 5.g3 Nc6 6.Nc3 Bxc3 7.Bxc3 Ne4 8.Rc1 O-O
9.Bg2 d6 10.d5 Nd8 11.dxe6 Nxe6 12.O-O Bd7 13.e3 a5 14.Nd4 N6g5 15.Be1 f5
16.Qc2 Qe8 17.f4 Nf7 18.Bxe4 fxe4 19.c5 dxc5 20.Qxc5 b6 21.Qc2 c5 22.Ne2 Bb5
23.b3 Nh6 24.Bf2 Qh5 25.Nc3 Bd3 26.Qd1 Qh3 27.Kh1 Ng4 28.Bg1 Bxf1 29.Qxf1 Qxf1
30.Rxf1 Rad8  0-1

[Event "Wichern op"]
[Site "Hamburg"]
[Date "1995.??.??"]
[Round "4"]
[White "Farago, Ivan"]
[Black "Schlingensiepen, Christian"]
[Result "1-0"]
[WhiteElo "2520"]
[BlackElo "2295"]

1.d4 Nf6 2.c4 e6 3.Nf3 Bb4+ 4.Bd2 Qe7 5.g3 Nc6 6.Nc3 Bxc3 7.Bxc3 Ne4 8.Rc1 d6
9.d5 Nxc3 10.Rxc3 Nb8 11.dxe6 fxe6 12.h4 e5 13.c5 Nc6 14.cxd6 Qxd6 15.Bg2 Qxd1+
16.Kxd1 Bf5 17.Nd2 Bd7 18.h5 h6 19.Rh4 O-O-O 20.Ke1 Rhf8 21.Nb3 Rf6 22.Nc5 Rd6
23.Rc1 Be8 24.b4 Rd4 25.b5 Na5 26.Ne6 Rxh4 27.gxh4 Rd7 28.Bh3 Kb8 29.Rc5 Re7
30.Rxe5 Nc4 31.Rc5 Nd6 32.a4 b6 33.Re5 a6 34.bxa6 Bxa4 35.f4 Ka7 36.Nd8 Rxe5
37.fxe5 Ne8 38.Bc8 c5 39.e6 Nf6 40.Bb7 Ng8 41.Nf7  1-0

[Event "Wichern op"]
[Site "Hamburg"]
[Date "1995.??.??"]
[Round "9"]
[White "Giehring, Sebastian"]
[Black "Cladouras, Panagiotis"]
[Result "0-1"]
[WhiteElo "2235"]
[BlackElo "2375"]

1.d4 Nf6 2.c4 e6 3.Nf3 Bb4+ 4.Bd2 Qe7 5.g3 Nc6 6.Bg2 Bxd2+ 7.Nbxd2 O-O 8.O-O d6
9.e4 e5 10.d5 Nb8 11.Ne1 a5 12.Nd3 Na6 13.f4 Ng4 14.Qf3 c6 15.f5 Nf6 16.g4 Nd7
17.Qe3 f6 18.a3 a4 19.h4 Ndc5 20.Nf2 Qc7 21.g5 Qb6 22.Rab1 Nd7 23.Qxb6 Nxb6
24.gxf6 Rxf6 25.Ng4 Rf8 26.Rf3 Nc5 27.Rg3 Nbd7 28.Kh2 Nf6 29.Nxf6+ Rxf6 30.Rg1 Rf7
31.Bf3 cxd5 32.cxd5 b5 33.Be2 Ba6 34.f6 g6 35.h5 Rxf6 36.hxg6 h6 37.Bg4 Bc8
38.Rf3 Rxf3 39.Bxf3 Kg7 40.Nb1 Bd7 41.Nc3 Rf8 42.Be2 Rb8 43.Bg4 Bxg4 44.Rxg4 b4  0-1

[Event "Hania op"]
[Site "Hania"]
[Date "1995.??.??"]
[Round "6"]
[White "Lirindzakis, Timotheos"]
[Black "Tzoumbas, Anastasios"]
[Result "1/2-1/2"]
[WhiteElo "2395"]
[BlackElo "2360"]

1.d4 Nf6 2.c4 e6 3.Nf3 Bb4+ 4.Bd2 c5 5.Bxb4 cxb4 6.g3 b6 7.Bg2 Bb7 8.O-O O-O
9.a3 bxa3 10.Rxa3 a5 11.Nc3 Na6 12.Nb5 d6 13.e3 Rc8 14.Nd2 d5 15.Qb1 Nb4
16.Rc3 Ba6 17.Na3 dxc4 18.Naxc4 Nfd5 19.Rcc1 f5 20.Rfd1 Rf7 21.Ne5 Rfc7 22.Bf1 Bxf1
23.Kxf1 a4 24.Ndc4 Nc6 25.Nxc6 Rxc6 26.Ne5 R6c7 27.Kg1 Nb4 28.h4 Qd5 29.Rc3 Na2
30.Rxc7 Rxc7 31.Nd3 Qb3 32.Ne1 b5 33.Rd3 Qd5 34.Nc2 Qc4 35.Ne1 b4 36.Rd1 b3
37.Nd3 Qc2 38.Nc5 Kf7 39.Nxa4 Ra7 40.Nc5 Nb4 41.Rc1 Qe2 42.Rc3 Nc2 43.Nxb3 Ne1
44.Nc5 Nf3+  1/2-1/2

[Event "Hastings Masters"]
[Site "Hastings"]
[Date "1995.??.??"]
[Round "1"]
[White "Summerscale, Aaron"]
[Black "Cooper, Lawrence"]
[Result "1/2-1/2"]
[WhiteElo "2455"]
[BlackElo "2315"]

1.d4 Nf6 2.c4 e6 3.Nf3 Bb4+ 4.Bd2 Qe7 5.g3 Nc6 6.Bg2 Bxd2+ 7.Nbxd2 d6 8.O-O O-O
9.Qb3 e5 10.e3 h6 11.Qc3 e4 12.Ne1 Bg4 13.f3 exf3 14.Nexf3 Rfe8 15.Rae1 Nd8
16.e4 c5 17.e5 cxd4 18.Qxd4 dxe5 19.Nxe5 Be6 20.Nb1 Nd7 21.Nxd7 Qxd7 22.Qxd7 Bxd7
23.Rxe8+ Bxe8 24.Nc3 Rc8 25.b3 Bc6 26.Nd5 Bxd5 27.Bxd5 Rc7 28.Rd1 Kf8 29.Kf2 Ke7
30.Ke3 Nc6 31.Rf1 f6 32.Rf2 Kd6 33.Rd2 Ke5 34.Bxc6 bxc6 35.Rd8 Re7 36.Rd4 f5
37.c5 Kf6+ 38.Kf3 g5 39.Rd6+ Re6 40.Rd7 Re7 41.Rd8 Re5 42.Rd6+  1/2-1/2

[Event "Hastings op9495"]
[Site "Hastings"]
[Date "1995.??.??"]
[Round "5"]
[White "Parker, Jonathan"]
[Black "Kosten, Anthony C"]
[Result "1/2-1/2"]
[WhiteElo "2400"]
[BlackElo "2540"]

1.d4 Nf6 2.c4 e6 3.Nf3 Bb4+ 4.Bd2 Qe7 5.Nc3 b6 6.g3 Bb7 7.Bg2 O-O 8.O-O d6
9.b3 Nbd7 10.a3 Bxc3 11.Bxc3 c5 12.dxc5 Nxc5 13.b4 Nce4 14.Bb2 Rac8 15.Rc1 Ng4
16.Nd2 f5 17.Nxe4 fxe4 18.e3 Nf6 19.Qe2 e5 20.Rfd1 Rc7 21.a4 Bc8 22.h3 Bf5
23.Ba3 Qe6 24.Kh2 Rcf7 25.Rd2 Bg4 26.hxg4 Nxg4+ 27.Kg1 Qf5 28.c5 Qh5 29.Kf1 Rxf2+
30.Qxf2 Nxf2 31.Rxf2 Rxf2+ 32.Kxf2 Qf7+ 33.Kg1 Qa2 34.cxd6 Qxa3 35.Rc8+ Kf7
36.d7 Qxe3+ 37.Kh2 Qh6+ 38.Kg1 Qe3+ 39.Kh2 Qh6+ 40.Kg1  1/2-1/2

[Event "Helsinki We HOSK"]
[Site "Helsinki"]
[Date "1995.??.??"]
[Round "?"]
[White "Kochyev, Alexander"]
[Black "Kiik, Kalle"]
[Result "1-0"]
[WhiteElo "2455"]
[BlackElo "2410"]

1.d4 Nf6 2.Nf3 e6 3.c4 Bb4+ 4.Bd2 Qe7 5.g3 Nc6 6.Bg2 Bxd2+ 7.Nbxd2 d6 8.O-O O-O
9.e4 e5 10.d5 Nb8 11.Ne1 c6 12.Nd3 Nbd7 13.b4 a5 14.a3 cxd5 15.cxd5 Nb6 16.Qb3 axb4
17.Qxb4 Nbd7 18.Nc4 Ra6 19.a4 Re8 20.a5 h5 21.Ne3 g6 22.Rfc1 Ra8 23.Ra3 Ng4
24.Nc4 Ra6 25.h3 Ngf6 26.Rac3  1-0

[Event "Hlohovec op"]
[Site "Hlohovec"]
[Date "1995.??.??"]
[Round "?"]
[White "Meduna, Eduard"]
[Black "Ianov, Viktor"]
[Result "1/2-1/2"]
[WhiteElo "2480"]
[BlackElo "2360"]

1.d4 Nf6 2.Nf3 e6 3.c4 Bb4+ 4.Bd2 Qe7 5.g3 Nc6 6.Bg2 Bxd2+ 7.Nbxd2 d6 8.O-O a5
9.e4 e5 10.d5 Nb8 11.Ne1 h5 12.h4 O-O 13.b3 Bg4 14.f3 Bd7 15.a3 Na6 16.Rb1 c6
17.Rf2 Nc5 18.Bf1 Rfc8 19.b4 axb4 20.axb4 Na4 21.dxc6 Bxc6 22.Rc1 Bd7 23.Nb3 b5
24.Na5 bxc4 25.Rxc4 Nc3 26.Qc1 Nb5 27.Rxc8+ Rxc8 28.Rc2 Rxc2 29.Nxc2 d5 30.exd5 Nxd5
31.Qd2 Nbc3 32.Nb3 e4 33.fxe4 Qxe4 34.Nc5 Qg4 35.Kh2 Bf5 36.Nd4 Ne4 37.Nxe4 Bxe4
38.b5 Qg6 39.Nc6 Qf6 40.Bg2 Bxg2 41.Kxg2 Qe6  1/2-1/2

[Event "EU-ch U20"]
[Site "Holon"]
[Date "1995.??.??"]
[Round "4"]
[White "Ovsejevitsch, Sergei"]
[Black "Skripchenko, Almira"]
[Result "1-0"]
[WhiteElo "2405"]
[BlackElo "2400"]

1.d4 Nf6 2.c4 e6 3.Nf3 Bb4+ 4.Bd2 Qe7 5.g3 Nc6 6.Bg2 Bxd2+ 7.Nbxd2 a5 8.O-O d6
9.e4 e5 10.d5 Nb8 11.Ne1 h5 12.Nef3 Na6 13.Qa4+ Bd7 14.Qxa5 h4 15.c5 hxg3
16.fxg3 dxc5 17.Qc3 Ng4 18.h3 Nf6 19.g4 Bb5 20.Rfe1 Nb4 21.a4 Ba6 22.Nxe5 Nc2
23.Qxc2 Qxe5 24.Qc3 Nxg4 25.hxg4 Qh2+ 26.Kf2 Qh4+ 27.Qg3 Qf6+ 28.Nf3 Qxb2+
29.Kg1 O-O-O 30.Qf2  1-0

[Event "HUN-chT1"]
[Site "HUN"]
[Date "1995.??.??"]
[Round "?"]
[White "Halasz, Tamas"]
[Black "Anka, Emil"]
[Result "1/2-1/2"]
[WhiteElo "2365"]
[BlackElo "2410"]

1.d4 Nf6 2.c4 e6 3.Nf3 Bb4+ 4.Bd2 Qe7 5.g3 Nc6 6.Bg2 Bxd2+ 7.Nbxd2 d6 8.e4 e5
9.d5 Nb8 10.b4 O-O 11.O-O a5 12.a3 c6 13.Qb3 cxd5 14.cxd5 axb4 15.axb4 Na6
16.Rfc1 Bg4 17.Ne1 Be2 18.Qe3 Bb5 19.Qb6 Be2 20.Qe3 Bb5 21.Qb6 Be2 22.Qe3  1/2-1/2

[Event "HUN-chT1"]
[Site "HUN"]
[Date "1995.??.??"]
[Round "?"]
[White "Karolyi, Tibor Jr"]
[Black "Eperjesi, Laszlo"]
[Result "1/2-1/2"]
[WhiteElo "2385"]
[BlackElo "2350"]

1.d4 Nf6 2.c4 e6 3.Nf3 Bb4+ 4.Bd2 c5 5.Bxb4 cxb4 6.g3 O-O 7.Bg2 d6 8.O-O a5
9.Re1 Qc7 10.Qd3 e5 11.Nbd2 Re8 12.e4 Na6 13.h3 Bd7 14.Nf1 Qb8 15.Rad1 Bc6
16.c5 Nd7 17.cxd6 Qxd6 18.Ne3 exd4 19.Nf5 Qf8 20.Qxd4 Nac5 21.Nd6 Red8 22.e5 Qe7
23.Nf5 Qf8 24.Qh4 Bxf3 25.Bxf3 Rab8 26.Bd5 Kh8 27.f4 Ne6 28.Nd6 g5 29.Qh5 Qg7
30.Bxe6 fxe6  1/2-1/2

[Event "HUN-chT1"]
[Site "HUN"]
[Date "1995.??.??"]
[Round "?"]
[White "Halasz, Tamas"]
[Black "Szabo, Zsolt"]
[Result "1-0"]
[WhiteElo "2365"]
[BlackElo "2350"]

1.d4 Nf6 2.Nf3 e6 3.c4 Bb4+ 4.Bd2 a5 5.g3 d6 6.Bg2 O-O 7.O-O Bxd2 8.Qxd2 Nbd7
9.Nc3 Qe7 10.Rac1 Rd8 11.Rfd1 c6 12.Qe3 Re8 13.d5 exd5 14.Qxe7 Rxe7 15.cxd5 c5
16.Nd2 Nb6 17.Nde4 Nxe4 18.Nxe4 Rd7 19.Rc3 Rd8 20.Rb3 Ra6 21.Nd2 Bd7 22.Re1 a4
23.Rc3 Re8 24.Rcc1 Ra5 25.e4 Rb5 26.b3 axb3 27.axb3 Rb4 28.f4 f6 29.e5 fxe5
30.fxe5 Rxe5 31.Rxe5 dxe5 32.Rxc5 Bf5 33.d6 Kf7 34.Rxe5 Kf6 35.Nf3 Nd7 36.Re3 Rb6
37.Nd4 Rxd6 38.Nxf5 Kxf5 39.Be4+ Kf6 40.Bxb7 Ne5 41.Bf3 Rd2 42.h3 h6 43.Kf1 Rb2
44.Rc3 Rd2 45.Be2 Rb2 46.Ke1 Kf5 47.Re3 Nc6 48.Bg4+ Kg5 49.Bd1 Kf5 50.Re2 Rb1
51.Kd2 Kf6 52.Re4 g5 53.Kc2 Ra1 54.Ra4 Rxa4 55.bxa4 Ke5 56.Kc3 Ke4 57.Kc4 Ke3
58.Kc5 Nb8  1-0

[Event "HUN-chT1"]
[Site "HUN"]
[Date "1995.??.??"]
[Round "?"]
[White "Farago, Ivan"]
[Black "Lengyel, Levente"]
[Result "1-0"]
[WhiteElo "2515"]
[BlackElo "2365"]

1.d4 Nf6 2.c4 e6 3.Nf3 Bb4+ 4.Bd2 Qe7 5.g3 Nc6 6.Nc3 O-O 7.Bg2 Bxc3 8.Bxc3 Ne4
9.Rc1 d6 10.d5 Nd8 11.O-O Nxc3 12.Rxc3 e5 13.c5 dxc5 14.Qc2 e4 15.Nd2 f5
16.Rxc5 c6 17.Rd1 e3 18.Nf3 exf2+ 19.Kxf2 f4 20.gxf4 Rxf4 21.d6 Qf7 22.Kg1 Bf5
23.Qd2 Ne6 24.Ng5 Qf6 25.Nxe6 Bxe6 26.Qe3 Rf5 27.Bh3 Rxc5 28.Bxe6+ Kh8 29.Qxc5 Qg6+
30.Kf2 Qxe6 31.d7 Qf6+ 32.Ke1 h6 33.Rd4 b6 34.Qc4 c5 35.Re4  1-0

[Event "HUN-chT1"]
[Site "HUN"]
[Date "1995.??.??"]
[Round "?"]
[White "Eperjesi, Laszlo"]
[Black "Besztercsenyi, Tibor"]
[Result "1/2-1/2"]
[WhiteElo "2350"]
[BlackElo "2275"]

1.d4 Nf6 2.c4 e6 3.Nf3 Bb4+ 4.Bd2 Be7 5.Nc3 d5 6.e3 O-O 7.Qc2 b6 8.Rd1 Bb7
9.cxd5 exd5 10.Be2 Nbd7 11.O-O Ne4 12.Be1 a6 13.Bd3 f5 14.Ne5 Qc8 15.f4 Kh8
16.Rf3 Nxe5 17.fxe5 c5 18.Qe2 Qe6 19.Qf1 g5 20.Bxe4 fxe4 21.Rxf8+ Rxf8 22.Qe2 Kg7  1/2-1/2

[Event "HUN-chT1"]
[Site "HUN"]
[Date "1995.??.??"]
[Round "?"]
[White "Dobos, Jozsef"]
[Black "Kovacs, Gabor"]
[Result "1-0"]
[WhiteElo "2325"]
[BlackElo "2230"]

1.d4 Nf6 2.c4 e6 3.Nf3 Bb4+ 4.Bd2 a5 5.g3 d6 6.Bg2 Nbd7 7.O-O e5 8.Bg5 exd4
9.Nxd4 h6 10.Bc1 O-O 11.b3 Re8 12.Bb2 Nf8 13.Nc3 c6 14.h3 Bc5 15.e3 Ne6 16.Nxe6 Rxe6
17.Kh2 Qc7 18.Ne2 Ne8 19.Nf4 Re7 20.Qc2 Bd7 21.Nh5 Re6 22.Be4 Qd8 23.a3 Qe7
24.Bf5 Qg5 25.Nf4 h5 26.h4 Qh6 27.Nxe6 fxe6 28.Bh3 Nf6 29.b4 axb4 30.axb4 Rxa1
31.Rxa1 Bxb4 32.Ra8+ Kf7 33.Rb8 Ke7 34.Rxb7 Bc5 35.Qa4 Qg6 36.Qxc6 Ke8 37.Qc7 Qc2
38.Bxf6 Qxf2+ 39.Bg2  1-0

[Event "HUN-chT1"]
[Site "HUN"]
[Date "1995.??.??"]
[Round "?"]
[White "Petran, Pal"]
[Black "Horvath, Tamas"]
[Result "1/2-1/2"]
[WhiteElo "2470"]
[BlackElo "2435"]

1.d4 Nf6 2.Nf3 e6 3.c4 Bb4+ 4.Bd2 Qe7 5.g3 Nc6 6.Bg2 Bxd2+ 7.Nbxd2 d6 8.O-O e5
9.d5 Nb8 10.e4 a5 11.c5 dxc5 12.Nc4 Nbd7 13.a4 O-O 14.Qc2 b6 15.Nh4 Ba6 16.Nf5 Qd8
17.Rad1 Bxc4 18.Qxc4 g6 19.Ne3 Ne8 20.f4 Nd6 21.Qc3 Qe7 22.Ng4 f6 23.b3 Rae8
24.Rde1 Qg7 25.Nf2 f5 26.Nh3 h6 27.fxe5 Qxe5 28.Qc1 Nxe4 29.Bxe4 Qd4+ 30.Kh1 Rxe4
31.Qxh6 Qxd5 32.Qxg6+ Kh8 33.Qh6+  1/2-1/2

[Event "HUN-chT2 9495"]
[Site "HUN"]
[Date "1995.??.??"]
[Round "?"]
[White "Somogyi, Istvan"]
[Black "Zemerov, Vladimir"]
[Result "0-1"]
[WhiteElo "2270"]
[BlackElo "2430"]

1.d4 Nf6 2.c4 e6 3.Nf3 Bb4+ 4.Bd2 Qe7 5.g3 Bxd2+ 6.Nbxd2 d6 7.Bg2 e5 8.Qb3 Nc6
9.d5 Nb8 10.O-O a5 11.Qc3 Nbd7 12.e4 Nc5 13.Ne1 h5 14.Nd3 Nxd3 15.Qxd3 h4
16.f4 hxg3 17.hxg3 Ng4 18.Bf3 exf4 19.Bxg4 Bxg4 20.Rxf4 Qg5 21.Nf1 Qh5 22.Kf2 g5
23.Rf6 O-O-O 24.Ne3 Qh2+ 25.Ng2 Rh6 26.Rxh6 Qxh6 27.Qc3 Re8 28.Re1 b6 29.Kg1 Qg6
30.Qd4 Bf3 31.e5 Bxg2 32.Kxg2 dxe5 33.Rxe5 Qc2+ 34.Kf3 Rxe5 35.Qxe5 Qxc4
36.Qxg5 Qd3+ 37.Kg4 Qe4+ 38.Kh3 Qh1+ 39.Kg4 Qe4+ 40.Kh3 Kb7 41.Qd8 f5 42.Kh2 Qe2+
43.Kh3 Qg4+ 44.Kh2 f4 45.gxf4 Qxf4+ 46.Kh3 Qf3+ 47.Kh4 Qf2+ 48.Kg4 Qxb2 49.Qd7 Qg2+
50.Kh4 Qxa2 51.Qc6+ Kb8  0-1

[Event "HUN-chT2 9495"]
[Site "HUN"]
[Date "1995.??.??"]
[Round "?"]
[White "Seres, Lajos"]
[Black "Loginov, Valery A"]
[Result "1/2-1/2"]
[WhiteElo "2430"]
[BlackElo "2550"]

1.d4 Nf6 2.c4 e6 3.Nf3 Bb4+ 4.Bd2 Qe7 5.g3 Nc6 6.Nc3 O-O 7.Bg2 Bxc3 8.Bxc3 Ne4
9.Qc2 f5 10.O-O d6 11.d5 Nd8 12.dxe6 Nxe6 13.Nd4 Nxd4 14.Bxd4 Bd7 15.Rfd1 b6
16.Rac1 Rae8 17.e3 c5 18.Bc3 Bc6 19.b3 Qb7 20.h4 Re6 21.Be1 Rg6 22.Rd3 Nf6
23.Bxc6 Qxc6 24.Qe2 Qe4 25.Rxd6 f4 26.Qd3 fxg3 27.fxg3 Qf3 28.e4 Nxe4 29.Qxf3 Rxf3
30.Rxg6 hxg6 31.Rd1 Re3 32.Kg2 Kf7 33.Kf1 Ke7 34.g4 a5 35.g5 Ke6 36.Rd8 Kf5
37.Rb8 Rf3+ 38.Ke2 Rh3 39.Rxb6 Rh2+ 40.Kd3 Rxa2 41.Rb8 Nd6 42.Rb6 Ne4 43.Rb8 Nd6  1/2-1/2

[Event "HUN-chT2 9495"]
[Site "HUN"]
[Date "1995.??.??"]
[Round "?"]
[White "Orso, Janos"]
[Black "Torok, Jozsef"]
[Result "1/2-1/2"]
[WhiteElo "2295"]
[BlackElo "2260"]

1.d4 Nf6 2.c4 e6 3.Nf3 Bb4+ 4.Bd2 Qe7 5.Nc3 O-O 6.Qc2 Nc6 7.e4 d6 8.e5 dxe5
9.dxe5 Nd7 10.a3 Bxc3 11.Bxc3 a5 12.Bd3 h6 13.Qe2 Nc5 14.Bc2 a4 15.O-O b6
16.Rad1 Ba6 17.Nd4 Nxd4 18.Rxd4 Nb3 19.Qd3 g6 20.Rd7 Qh4 21.Rxc7 Nc5 22.Qd6 Bxc4
23.Rd1 Rad8 24.Qxb6 Rxd1+ 25.Bxd1 Rd8 26.Bf3 Qg5 27.h3 Qc1+ 28.Kh2 Qf4+ 29.Kg1 Qc1+
30.Kh2 Qf4+  1/2-1/2

[Event "HUN-chT2 9495"]
[Site "HUN"]
[Date "1995.??.??"]
[Round "?"]
[White "Juhasz, Bela"]
[Black "Egri, Laszlo"]
[Result "1-0"]
[WhiteElo "2205"]
[BlackElo "2180"]

1.d4 Nf6 2.c4 e6 3.Nf3 Bb4+ 4.Bd2 Qe7 5.Qc2 d5 6.a3 Bxd2+ 7.Nbxd2 O-O 8.e3 b6
9.Rc1 c6 10.Bd3 Bb7 11.O-O Nbd7 12.b4 a5 13.Qb2 axb4 14.axb4 Ra4 15.c5 bxc5
16.bxc5 Ba6 17.Bxa6 Rxa6 18.Qb7 Rfa8 19.Ne5 R8a7 20.Nxc6 Rxb7 21.Nxe7+ Kf8
22.c6 Kxe7 23.cxb7 Rb6 24.Rb1 Rxb1 25.Rxb1 Nb8 26.Rc1 Kd6 27.Rc8 Nfd7 28.Nb3 Nc6
29.Nc5 Ndb8 30.f4 h5 31.Kf2 f6 32.Rg8 e5 33.f5 exd4 34.exd4 h4 35.Ke3 Kc7
36.Rxg7+ Kb6 37.Rf7 Na5 38.Rxf6+ Kc7 39.g4 hxg3 40.hxg3 Nc4+ 41.Kf4  1-0

[Event "HUN-chT2 9495"]
[Site "HUN"]
[Date "1995.??.??"]
[Round "?"]
[White "Istvandi, Lajos"]
[Black "Loginov, Valery A"]
[Result "1/2-1/2"]
[WhiteElo "2335"]
[BlackElo "2550"]

1.d4 Nf6 2.c4 e6 3.Nf3 Bb4+ 4.Bd2 Qe7 5.g3 Nc6 6.Bg2 Bxd2+ 7.Nbxd2 d6 8.O-O O-O
9.e4 e5 10.d5 Nb8 11.Qc2 Bg4 12.Rac1 Nbd7 13.b4 a5 14.a3 b6 15.Nb3 Bxf3 16.Bxf3 Ra7
17.Bg2 Rfa8 18.Ra1 axb4 19.axb4 Qe8 20.Qc3 Ra3 21.Rxa3 Rxa3 22.Ra1 Qa8 23.Qb2 Ra4
24.Bf3 h6 25.h4 Qa6 26.Rxa4 Qxa4 27.Nc1 Kh7 28.Kg2 g5 29.hxg5 hxg5 30.Na2 c5
31.dxc6 Qxc6 32.Qe2 Qa8 33.Nc3 Qa3 34.Nd5 Nxd5 35.exd5 Qxb4 36.Qe4+ Kg7 37.Qf5  1/2-1/2

[Event "Papp Bela mem"]
[Site "HUN"]
[Date "1995.??.??"]
[Round "?"]
[White "Seres, Lajos"]
[Black "Othman, A Moussa"]
[Result "1/2-1/2"]
[WhiteElo "2435"]
[BlackElo "2225"]

1.d4 Nf6 2.Nf3 e6 3.c4 Bb4+ 4.Bd2 Qe7 5.g3 Nc6 6.Nc3 O-O 7.Bg2 Bxc3 8.Bxc3 Ne4
9.Rc1 d6 10.O-O Nxc3 11.Rxc3 e5 12.d5 Nd8 13.Qc2 b6 14.Nd2 f5 15.b4 Nf7 16.c5 bxc5
17.bxc5 Bd7 18.Rb1 Rab8 19.Rxb8 Rxb8 20.cxd6 cxd6 21.Rc7 a5 22.e4 g6 23.exf5 Bxf5
24.Be4 Qf6 25.Bxf5 Qxf5 26.Qxf5 gxf5 27.Nc4 Rb5 28.Ne3 Nh6 29.a4 Rb4 30.Rc4 Rb2
31.Kg2 Ng4 32.Rc8+ Kf7 33.Nxg4 fxg4 34.Ra8 e4 35.Kf1 Kf6 36.Re8 Kf5 37.Re6 Ra2
38.Rxd6 Rxa4 39.Rh6 Rd4 40.d6 a4 41.Rxh7 Rxd6 42.Rh5+ Kf6 43.Ra5 Rd1+ 44.Ke2 Ra1
45.Ke3 Ra2  1/2-1/2

[Event "Papp Bela mem"]
[Site "HUN"]
[Date "1995.??.??"]
[Round "?"]
[White "Seres, Lajos"]
[Black "Kovacs, Gabor"]
[Result "0-1"]
[WhiteElo "2435"]
[BlackElo "2255"]

1.d4 Nf6 2.Nf3 e6 3.c4 Bb4+ 4.Bd2 a5 5.g3 d6 6.Bg2 Nbd7 7.O-O e5 8.Bg5 exd4
9.Nxd4 h6 10.Bf4 O-O 11.a3 Bc5 12.Nc3 Ne5 13.b3 c6 14.h3 Qe7 15.Kh1 Re8 16.e4 Qc7
17.Be3 Bd7 18.f4 Ng6 19.Bf2 Re7 20.Qd2 Rae8 21.Rfe1 Qb6 22.e5 Nh5 23.Na4 Qd8
24.Nxc5 dxc5 25.Ne2 Bxh3 26.Qxd8 Bxg2+ 27.Kxg2 Rxd8 28.Bxc5 Ree8 29.Rad1 Rxd1
30.Rxd1 Nxe5 31.Nc3 Ng4 32.Rd7 b5 33.cxb5 cxb5 34.Nxb5 Nhf6 35.Ra7 Ne4 36.Bg1 Nd2
37.Nd4 Ne3+ 38.Kh3 Nd1 39.Rxa5 Nb2 40.Rc5 Ne4 41.Rc2 Nd3 42.a4 g5 43.f5 h5
44.a5 Kg7 45.Re2 h4 46.Re3 Nef2+ 47.Bxf2 Nxf2+ 48.Kg2 Rxe3 49.Kxf2 Rd3  0-1

[Event "HUN-chT2 9596"]
[Site "HUN"]
[Date "1995.??.??"]
[Round "4"]
[White "Juhasz, Bela"]
[Black "Arnold, Ferenc"]
[Result "0-1"]
[WhiteElo "2205"]
[BlackElo "2325"]

1.d4 Nf6 2.c4 e6 3.Nf3 Bb4+ 4.Bd2 Qe7 5.g3 Nc6 6.Bg2 a5 7.O-O Bxd2 8.Nbxd2 d6
9.e4 e5 10.d5 Nb8 11.h3 O-O 12.Qe2 Na6 13.b3 Bd7 14.a3 c6 15.Qe3 Rfc8 16.Rfc1 Be8
17.Ne1 Nd7 18.Rab1 f6 19.b4 axb4 20.axb4 c5 21.b5 Nb4 22.Ra1 Nb6 23.Qb3 Qd8
24.Nc2 Nxc2 25.Qxc2 Rxa1 26.Rxa1 Ra8 27.Qd1 Qb8 28.Bf1 Ra7 29.Nb3 Qa8 30.Rxa7 Qxa7
31.Qa1 Qxa1 32.Nxa1 Bd7 33.Nb3 Kf7 34.Na5 Bc8 35.f4 g6 36.fxe5 fxe5 37.Kf2 Ke7
38.g4 g5 39.Be2 Nd7 40.Ke3 Nf8 41.Nb3 Ng6 42.Nd2 Nf4 43.Bf1 Kf6 44.Kf3 h6
45.Kg3 Bd7 46.h4 h5 47.hxg5+ Kxg5 48.Nf3+ Kh6 49.gxh5 Kxh5 50.Ng1 Bg4 51.b6 Kg5
52.Kf2 Kh4 53.Nf3+ Bxf3 54.Kxf3 Kh5 55.Kg3 Kg5 56.Kf3 Kh4  0-1

[Event "ISL-chT"]
[Site "Island"]
[Date "1995.??.??"]
[Round "?"]
[White "Einarsson, Halldor"]
[Black "Vidarsson, Jon G"]
[Result "0-1"]
[WhiteElo "2315"]
[BlackElo "2345"]

1.d4 Nf6 2.c4 e6 3.Nf3 Bb4+ 4.Bd2 c5 5.g3 Qb6 6.Bg2 cxd4 7.Nxd4 Bc5 8.e3 Bxd4
9.exd4 Qxd4 10.O-O Qxc4 11.Na3 Qd3 12.Re1 O-O 13.Re3 Qf5 14.Bb4 Rd8 15.Be7 Re8
16.Nc4 Ng4 17.Re2 Qh5 18.Nd6 Qxh2+ 19.Kf1 Rxe7 20.Nxc8 Re8 21.Nd6 Rf8 22.Qb3 Nc6
23.Qxb7 Qh5 24.Qxd7 Nd4 25.Re4 Nf6 26.Qa4 Nxe4 27.Bxe4 e5 28.Bxa8 Rxa8 29.Kg1 Qf3
30.Qc4 Ne2+ 31.Kf1 Nxg3+ 32.Ke1 Qh1+ 33.Kd2 Qxa1 34.Qxf7+ Kh8 35.Qd5 Qxb2+
36.Kd1 Qd4+  0-1

[Event "ISL-chT"]
[Site "Island"]
[Date "1995.??.??"]
[Round "?"]
[White "Gretarsson, Helgi Ass"]
[Black "Petursson, Margeir"]
[Result "1/2-1/2"]
[WhiteElo "2450"]
[BlackElo "2540"]

1.d4 Nf6 2.c4 e6 3.Nf3 Bb4+ 4.Bd2 c5 5.a3 Bxd2+ 6.Qxd2 cxd4 7.Nxd4 O-O 8.Nc3 d5
9.e3 dxc4 10.Bxc4 a6 11.O-O b5 12.Be2 Bb7 13.Rfd1 Nbd7 14.b4 Qe7 15.a4 Qxb4
16.Rab1 Qe7 17.axb5 axb5 18.Ndxb5 Nc5 19.Qd6 Qxd6 20.Nxd6 Ba6 21.Bf3 Rab8
22.Rxb8 Rxb8 23.Nde4  1/2-1/2

[Event "Katowice op"]
[Site "Katowice"]
[Date "1995.??.??"]
[Round "1"]
[White "Grabarczyk, Miroslaw"]
[Black "Obierak, Wladyslaw"]
[Result "1-0"]
[WhiteElo "2440"]
[BlackElo "2145"]

1.d4 Nf6 2.c4 e6 3.Nf3 Bb4+ 4.Bd2 a5 5.g3 O-O 6.Bg2 Re8 7.O-O Nc6 8.Bf4 d5
9.c5 a4 10.a3 Ba5 11.Qxa4 Bd7 12.Qd1 Ne4 13.Nbd2 Bxd2 14.Nxd2 f5 15.Nxe4 fxe4
16.Qd2 Qf6 17.Rad1 Ra4 18.e3 g5 19.Bxc7 g4 20.h3 h5 21.Kh2 Re7 22.Rh1 Rf7
23.Kg1 e5 24.Bxe5 Nxe5 25.dxe5 Qxe5 26.Qxd5 Qf6 27.Rd2 Qg6 28.h4 Bc6 29.Qe5 Rf8
30.Rd6 Qf5 31.Qc3 Kh7 32.Kh2 Bb5 33.Rhd1 Rc4 34.Rd7+ Bxd7 35.Qxc4 Bc6 36.b4 Ba4
37.Bxe4 Bxd1  1-0

[Event "Katowice op"]
[Site "Katowice"]
[Date "1995.??.??"]
[Round "9"]
[White "Obierak, Wladyslaw"]
[Black "Linauskas, Dainius"]
[Result "0-1"]
[WhiteElo "2145"]
[BlackElo "2320"]

1.d4 Nf6 2.Nf3 e6 3.c4 Bb4+ 4.Bd2 Qe7 5.Qc2 Bxd2+ 6.Nbxd2 d6 7.e4 e5 8.d5 O-O
9.g3 a5 10.Bg2 Na6 11.O-O Nc5 12.b3 c6 13.Rfe1 Bg4 14.Nh4 cxd5 15.exd5 Qc7
16.Nf1 Rae8 17.Ne3 Bc8 18.Nef5 g6 19.Qd2 Kh8 20.Nh6 Nh5 21.Bf3 Ng7 22.Bd1 f5
23.Bc2 Qd8 24.Nf3 f4 25.g4 e4 26.Bxe4 Nxe4 27.Qd4 Qe7 28.Kg2 g5 29.h3 Qf6
30.Rad1 Qxh6 31.Rxe4 Rxe4 32.Qxe4 Qf6 33.Re1 Kg8 34.Qb1 h5 35.Rh1 Kf7 36.b4 axb4
37.Qxb4 hxg4 38.hxg4 Bxg4 39.Qxb7+ Kg6 40.Qb3 Qf5 41.Qa3 Rf6 42.Re1 Bxf3+
43.Qxf3 g4 44.Qe4 Rf8 45.Qe7 f3+ 46.Kg1 Rf6 47.Qe4 Rf7 48.Qb1 g3 49.Re4 g2
50.c5 Re7 51.Rb4 Qxb1+ 52.Rxb1 dxc5 53.Kh2 Nf5 54.Kh3 Kg5  0-1